[Event "CFriend RL-2005-0-00039 email"]
[Site "Chessfriend.com"]
[Date "2005.10.13"]
[Round "1"]
[White "Poulsen, Jesper Schmidt"]
[Black "Hayes, William"]
[Result "0-1"]
[WhiteElo "1064"]
[BlackElo "1500"]
[PlyCount "40"]
[EventDate "2005.10.13"]
[EventType "tourn (corr)"]
[EventRounds "6"]
[SourceTitle "Corr 2008"]
[Source "ChessBase"]
[SourceDate "2008.06.24"]
[SourceVersion "1"]
[SourceVersionDate "2008.06.24"]
[SourceQuality "1"]

1. d4 Nf6 2. Nf3 g6 3. Bf4 Bg7 4. e3 d6 5. h3 0-0 6. c4 Nbd7 7. Nc3 b6 8. Be2 Bb7 9. 0-0 Re8 10. Bh2 e5 11. Qc2 exd4 12. exd4 Ne4 13. Rfe1 Nxc3 14. bxc3 Bh6 15. Nd2 Qg5 16. Nf3 Qf6 17. a4 Re7 18. Bd1 Rae8 19. Rxe7 Rxe7 20. Kf1 Be4 0-1

[Event "CFriend RL-2005-0-00039 email"]
[Site "Chessfriend.com"]
[Date "2005.10.13"]
[Round "1"]
[White "Rosina, Graziano"]
[Black "Poulsen, Jesper Schmidt"]
[Result "1-0"]
[WhiteElo "1476"]
[BlackElo "1064"]
[PlyCount "35"]
[EventDate "2005.10.13"]
[EventType "tourn (corr)"]
[EventRounds "6"]
[SourceTitle "Corr 2008"]
[Source "ChessBase"]
[SourceDate "2008.06.24"]
[SourceVersion "1"]
[SourceVersionDate "2008.06.24"]
[SourceQuality "1"]

1. e4 c6 2. c4 Qa5 3. Nc3 Nf6 4. e5 Qxe5+ 5. Be2 d5 6. Nf3 Qc7 7. 0-0 Bf5 8. d4 e6 9. Nh4 Bg6 10. Re1 Be7 11. cxd5 Nxd5 12. Nxd5 cxd5 13. Nf3 0-0 14. Ne5 Nc6 15. Nxg6 hxg6 16. Be3 Bf6 17. Qd2 Qb6 18. Red1 1-0

[Event "IECG CF.2001.0.00005 email"]
[Site "IECG email"]
[Date "2001.06.19"]
[Round "?"]
[White "Berclaz, Corinna"]
[Black "Poulsen, Jesper Schmidt"]
[Result "1-0"]
[WhiteElo "800"]
[BlackElo "1127"]
[PlyCount "37"]
[EventDate "2001.06.19"]
[EventType "tourn (corr)"]
[EventRounds "6"]
[SourceTitle "Corr 2008"]
[Source "ChessBase"]
[SourceDate "2008.06.24"]
[SourceVersion "1"]
[SourceVersionDate "2008.06.24"]
[SourceQuality "1"]

1. c4 e5 2. Nc3 Nf6 3. Nf3 d6 4. d4 Nbd7 5. g3 Be7 6. Bg2 0-0 7. 0-0 c6 8. Qc2 Qc7 9. Rd1 a6 10. b3 Rb8 11. Bb2 b5 12. dxe5 dxe5 13. cxb5 cxb5 14. Rac1 Bb7 15. Nd5 Qd8 16. Nxe5 Bxd5 17. Bxd5 Nxe5 18. Bxe5 Nxd5 19. Bxb8 1-0

[Event "IECG C3.2000.0.00166"]
[Site "IECG email"]
[Date "2000.12.12"]
[Round "?"]
[White "Foy, Jeffrey"]
[Black "Poulsen, Jesper Schmidt"]
[Result "1-0"]
[WhiteElo "1047"]
[BlackElo "1127"]
[PlyCount "43"]
[EventDate "2000.12.12"]
[EventType "tourn (corr)"]
[EventRounds "6"]
[SourceTitle "Corr 2008"]
[Source "ChessBase"]
[SourceDate "2008.06.24"]
[SourceVersion "1"]
[SourceVersionDate "2008.06.24"]
[SourceQuality "1"]

1. e4 c6 2. d4 d5 3. exd5 cxd5 4. c4 Nf6 5. c5 e6 6. b4 Be7 7. Nf3 0-0 8. Bd3 Bd7 9. 0-0 a6 10. Nc3 Nc6 11. a3 Na7 12. Re1 Qe8 13. a4 Nc6 14. Rb1 a5 15. bxa5 Nxa5 16. Bf4 Qc8 17. Nb5 Ne8 18. Ng5 Bxb5 19. Bxh7+ Kh8 20. Qh5 Nf6 21. Qh3 Bd7 22. Be5 1-0

[Event "IECG C3.2000.0.00144"]
[Site "IECG email"]
[Date "2000.07.02"]
[Round "?"]
[White "Poulsen, Jesper Schmidt"]
[Black "Robertson, Stuart"]
[Result "1-0"]
[WhiteElo "1127"]
[BlackElo "1350"]
[PlyCount "23"]
[EventDate "2000.07.02"]
[EventType "tourn (corr)"]
[EventRounds "6"]
[SourceTitle "Corr 2008"]
[Source "ChessBase"]
[SourceDate "2008.06.24"]
[SourceVersion "1"]
[SourceVersionDate "2008.06.24"]
[SourceQuality "1"]

1. d4 e6 2. Nf3 f5 3. c3 Nf6 4. Bg5 d5 5. Nbd2 Nbd7 6. h3 Be7 7. e3 0-0 8. Be2 Kh8 9. 0-0 Rg8 10. Ne5 Qe8 11. Ndf3 Nxe5 12. Nxe5 1-0

[Event "IECG C3.2000.0.00144"]
[Site "IECG email"]
[Date "2000.07.02"]
[Round "?"]
[White "Romero, Paul L"]
[Black "Poulsen, Jesper Schmidt"]
[Result "1/2-1/2"]
[WhiteElo "1329"]
[BlackElo "1127"]
[PlyCount "55"]
[EventDate "2000.07.02"]
[EventType "tourn (corr)"]
[EventRounds "6"]
[SourceTitle "Corr 2008"]
[Source "ChessBase"]
[SourceDate "2008.06.24"]
[SourceVersion "1"]
[SourceVersionDate "2008.06.24"]
[SourceQuality "1"]

1. d4 Nf6 2. Bg5 d6 3. Bxf6 gxf6 4. d5 Bf5 5. Nc3 c6 6. e4 Bg6 7. f4 h6 8. f5 Bh7 9. Nf3 Qb6 10. Qd2 Bg7 11. Bc4 0-0 12. 0-0-0 Nd7 13. dxc6 bxc6 14. g4 Rfb8 15. b3 a5 16. Na4 Qb4 17. Qxb4 axb4 18. Nd4 Ne5 19. Be2 c5 20. Nb5 Nxg4 21. Bxg4 Rxb5 22. Be2 Rbb8 23. Rhg1 Kf8 24. Rg3 Rd8 25. Rdg1 Bh8 26. Rh3 Bg7 27. Kb2 e6 28. Rhg3 1/2-1/2

[Event "IECG C3.2000.0.00144"]
[Site "IECG email"]
[Date "2000.??.??"]
[Round "?"]
[White "Staal, Jacob"]
[Black "Poulsen, Jesper Schmidt"]
[Result "0-1"]
[WhiteElo "1139"]
[BlackElo "1127"]
[PlyCount "36"]
[EventDate "2000.07.02"]
[EventType "tourn (corr)"]
[EventRounds "6"]
[SourceTitle "Corr 2008"]
[Source "ChessBase"]
[SourceDate "2008.06.24"]
[SourceVersion "1"]
[SourceVersionDate "2008.06.24"]
[SourceQuality "1"]

1. e4 c6 2. d4 d5 3. Nc3 dxe4 4. Nxe4 Nf6 5. Nxf6+ gxf6 6. Ne2 h5 7. c3 h4 8. Qc2 Bg4 9. Nf4 e6 10. Be3 Bf5 11. Qb3 Qc7 12. Be2 Bd6 13. Nh5 Ke7 14. g3 Bg6 15. Nf4 hxg3 16. fxg3 Be4 17. Bc4 Bxh1 18. Bxe6 Qb6 0-1